Gaming Quiz

Random Gaming or Pokémon Quiz

'C' Pokémon Quiz Stats

Quiz not verified by Sporcle

Also try: 'D' Pokémon
Challenge
Share
Tweet
Embed
Score 0/50 Timer 06:00
0 Plays Today
Pokémon % Correct
Charizard
96.4%
Charmander
94.6%
Charmeleon
94.6%
Chikorita
89.3%
Cyndaquil
82.1%
Chansey
71.4%
Caterpie
69.6%
Croconaw
66.1%
Clefairy
64.3%
Clefable
64.3%
Corphish
62.5%
Chinchou
61.2%
Combusken
60.7%
Crawdaunt
60.7%
Chimecho
60.7%
Chingling
60.7%
Crobat
58.9%
Celebi
58.9%
Cleffa
55.4%
Carvanha
55.4%
Cascoon
55.4%
Cacnea
53.6%
Cherrim
53.6%
Corsola
53.1%
Cloyster
51.8%
Pokémon % Correct
Cacturne
51.8%
Clamperl
51.8%
Cherubi
51.8%
Chimchar
50%
Cresselia
50%
Cobalion
50%
Carnivine
48.2%
Castform
46.4%
Cubone
44.6%
Camerupt
42.9%
Crustle
42.9%
Cradily
41.1%
Combee
41.1%
Conkeldurr
41.1%
Carracosta
41.1%
Cinccino
41.1%
Cryogonal
41.1%
Cofagrigus
39.3%
Cranidos
37.5%
Chatot
37.5%
Cubchoo
35.7%
Claydol
33.9%
Chandelure
33.9%
Croagunk
25%
Cottonee
23.2%

You're not logged in!

Compare scores with friends on all Sporcle quizzes.
Join for Free
OR
Log In

You Might Also Like...

Show Comments

Extras

Top Quizzes Today


Score Distribution

Your Account Isn't Verified!

In order to create a playlist on Sporcle, you need to verify the email address you used during registration. Go to your Sporcle Settings to finish the process.

Report this User

Report this user for behavior that violates our Community Guidelines.

Details: